000 01801nam a2200397 i 4500
001 DIGPLAVLDS0099
003 NyNyDIG
006 m o d
007 cr |||||||||||
008 210524s2016 mx a ob 000 0 spa d
020 _z9786074029017
035 _a(OCoLC)1257430156
040 _aDGITA
_beng
_erda
_epn
_cDGITA
050 1 4 _aLC191.98.M49 ebook
245 0 0 _aGlobalización, internacionalización y educación comparada /
_cZaira Navarrete Cazales, Marco Aurelio Navarro Leal (coordinadores)
264 1 _a[Cd. Victoria, Tam., México] :
_bSociedad Mexicana de Educación Comparada ;
_aMéxico, D.F. ;
_aMadrid, España :
_bPlaza y Valdés Editores,
_c[2016]
300 _a1 online resource :
_billustrations.
336 _atext
_btxt
_2rdacontent
337 _acomputer
_bc
_2rdamedia
338 _aonline resource
_bcr
_2rdacarrier
347 _atext file
_2rdaft
347 _bPDF
504 _aIncludes bibliographical references.
588 0 _aOnline resource; title from PDF title page (Digitalia, viewed May 24, 2021)
650 0 _aEducation and globalization.
650 0 _aComparative education.
655 0 _aElectronic books.
700 1 _aNavarrete Cazales, Zaira,
_eeditor.
700 1 _aNavarro Leal, Marco Aurelio,
_eeditor.
791 2 _aDigitalia (Firm),
_edistributor.
793 0 _gDigitalia eBook Collection:
_aPlaza y Valdés Editores
776 0 8 _iPrint version:
_tGlobalización, internacionalización y educación comparada.
_bPrimera edición.
_d[Cd. Victoria, Tam., México] : Sociedad Mexicana de Educación Comparada ; México, D.F. ; Madrid, España : Plaza y Valdés Editores, [2016]
_z9786074029017
856 4 0 _3Digitalia Hispánica
_uhttps://www.digitaliapublishing.com/a/52516/
910 _aPremium collection: 2021
942 _cRAA
999 _c253371
_d253371